Specialkatalog over Danmarks stalstukne frimaerker. Varianternes vidunderlige verden. Bind II. Part 3 Bolgelinieudgaven 1933-65 (Record no. 2008)

000 -LEADER
fixed length control field 00829nam a22001337a 4500
008 - FIXED-LENGTH DATA ELEMENTS--GENERAL INFORMATION
fixed length control field 160514b xxu||||| |||| 00| 0 eng d
100 ## - MAIN ENTRY--AUTHOR'S NAME
Author's Name Tanggard, J.E.
245 ## - TITLE STATEMENT
Title Specialkatalog over Danmarks stalstukne frimaerker. Varianternes vidunderlige verden. Bind II. Part 3 Bolgelinieudgaven 1933-65
260 ## - PUBLICATION, DISTRIBUTION, ETC. (IMPRINT)
Place of publication, distribution, etc. Horsens, [Danmark]
Name of publisher, distributor, etc. Forlag ved Tom Plovst (Aarhus, [Danmark] Tryk Hanbergs Bogtrykkeri),
Date of publication, distribution, etc. 1965
650 ## - TOPICAL TERM (Tag)
Topical term or geographic name Denmark | 1933-1965 | 1933-1940 | Definitive Issues | Errors and Varieties | Printing | Plates and Plating | Production | Sheets and Panes | Engraving | Plate Blocks and Numbers | Marginal Markings and Imprints | Blocks | Tete-beche Stamps | Booklets and Minipacks | Overprints and Surcharges | Parcel Post | Catalogs and Price Lists
700 ## - SECONDARY AUTHOR, EDITOR OR ILLUSTRATOR
Personal Name Larsen, Chr.
700 ## - SECONDARY AUTHOR, EDITOR OR ILLUSTRATOR
Personal Name Mortensen, P.
700 ## - SECONDARY AUTHOR, EDITOR OR ILLUSTRATOR
Personal Name Plovst, Tom
Holdings
Withdrawn status Lost status Source of classification or shelving scheme Damaged status Koha normalized classification for sorting Not for loan Permanent Location Current Location Date acquired Total Checkouts Full call number Barcode Date last seen Price effective from
        G6920 A1 H236   Northern Philatelic Library Northern Philatelic Library 05/14/2016   G6920 A1 H236 1002334 05/14/2016 05/14/2016

Powered by Koha